Normal view
MARC view
Entry Personal Name
001 - CONTROL NUMBER
- control field: 34498
003 - CONTROL NUMBER IDENTIFIER
- control field: ARRUPE
005 - DATE AND TIME OF LATEST TRANSACTION
- control field: 20170802135456.0
008 - FIXED-LENGTH DATA ELEMENTS
- fixed length control field: 170802|| aca||aabn | a|a d
040 ## - CATALOGING SOURCE
- Original cataloging agency: ARRUPE
- Transcribing agency: ARRUPE
100 ## - HEADING--PERSONAL NAME
- Personal name: Gibson, Rex
670 ## - SOURCE DATA FOUND
- Source citation: Work cat.: (ARRUPE)65593: Gibson, Rex, Structuralism and education, 1984